[Event "FRA-chT3 Gr8 0203"]
[Site "France"]
[Date "2003.02.02"]
[Round "6"]
[White "Milluy, Pierre"]
[Black "Israel, Richard"]
[Result "0-1"]
[WhiteElo "1720"]
[BlackElo "1530"]
[PlyCount "56"]
[EventDate "2002.10.??"]
[EventType "team"]
[EventRounds "9"]
[EventCountry "FRA"]
[SourceTitle "EXT 2005"]
[Source "ChessBase"]
[SourceDate "2004.11.15"]
[SourceVersion "1"]
[SourceVersionDate "2004.11.15"]
[SourceQuality "1"]

1. c4 c5 2. g3 g6 3. Bg2 Bg7 4. Nf3 Nc6 5. 0-0 Nh6 6. Nc3 0-0 7. d3 Nf5 8. e3 a6 9. a3 Rb8 10. Bd2 b5 11. cxb5 axb5 12. Qc2 d5 13. Ne2 Qb6 14. Rac1 c4 15. b4 Ra8 16. dxc4 dxc4 17. Qa2 e5 18. Nc3 Nd6 19. Qb2 e4 20. Ng5 f5 21. f3 h6 22. Nh3 Ne5 23. Ra1 Nd3 24. Qc2 Bb7 25. f4 Ra7 26. Ra2 Rfa8 27. Nb1 Rc8 28. Nc3 Raa8 0-1